00483nam a22001457a 4500003000500000038001800005082000800023100001600031245010600047264003500153300002400188650003100212700003700243856005700280NUST aNusrat Nadeem a200 aMalik, Asra aBaseline Cancellation Technique in Scalable Peak Detectors for Impedance Measurement ICs/cAsra Malik aIslamabad,bSEECS NUST,c2023. aill:b83,p:c30,cm. aMS-Electrical Engineering  aSupervisor: Dr. Hammad M. Cheema uhttp://10.250.8.41:8080/xmlui/handle/123456789/41821